Spanish Translations of Band Names - Statistics

General Stats
  • This quiz has been taken 567 times
    559 since last reset
  • The average score is 14 of 26
Answer Stats
Spanish Band Name % Correct
Día Verde Green Day
94%
Una Dirección One Direction
92%
Floyd Rosado Pink Floyd
87%
Reina Queen
79%
¡Pánico! en la Discoteca Panic! At The Disco
78%
Mi Romance Químico My Chemical Romance
77%
Los Chicos de la Playa The Beach Boys
74%
Zepelín de Plomo Led Zeppelin
73%
Sábado Negro Black Sabbath
69%
Beso Kiss
69%
Los Chiles Rojos Calientes The Red Hot Chili Peppers
69%
Los Quien The Who
64%
Sublime Sublime
57%
Los Guisantes de Ojos Negros The Black Eyed Peas
56%
Las Chicas Especias The Spice Girls
50%
Los Monos The Monkees
47%
Parpadea Ciento Ochenta y Dos Blink 182
44%
Las Piedras Rodantes The Rolling Stones
39%
Ninguna Duda No Doubt
37%
Las Águilas The Eagles
37%
Los Escarabajos The Beatles
31%
Aplasta Boca Smash Mouth
23%
Jugando al Boliche Para Sopa Bowling For Soup
21%
Los Rechazados Típicamente Americanos The All-American Rejects
20%
Los Deseados The Wanted
13%
Amante Secreto Paramore
2%
No matching quizzes found
Score Distribution
Percent of People with Each Score
Percentile by Number Answered
Your Score History
You have not taken this quiz since the last reset